|
|
|
|
| LEADER |
00000caa a2200000 c 4500 |
| 001 |
1662036728 |
| 003 |
DE-627 |
| 005 |
20241213173908.0 |
| 007 |
tu |
| 008 |
070525s1994 gw ||||| 00| ||ger c |
| 035 |
|
|
|a (DE-627)1662036728
|
| 035 |
|
|
|a (DE-576)265098572
|
| 035 |
|
|
|a (DE-599)BSZ265098572
|
| 040 |
|
|
|a DE-627
|b ger
|c DE-627
|e rakwb
|
| 041 |
|
|
|a ger
|
| 044 |
|
|
|c XA-DE
|
| 084 |
|
|
|a 1
|2 ssgn
|
| 100 |
1 |
|
|0 (DE-588)137424272
|0 (DE-627)592624692
|0 (DE-576)303555106
|4 aut
|a Freyer, Thomas
|d 1952-
|
| 109 |
|
|
|a Freyer, Thomas 1952-
|
| 245 |
1 |
0 |
|a Sakrament - Instrument der Gesellschaftsveränderung?
|b Eine Auseinandersetzung mit Franz Schupp
|c Th[omas] Freyer
|
| 264 |
|
1 |
|c 1994
|
| 336 |
|
|
|a Text
|b txt
|2 rdacontent
|
| 337 |
|
|
|a ohne Hilfsmittel zu benutzen
|b n
|2 rdamedia
|
| 338 |
|
|
|a Band
|b nc
|2 rdacarrier
|
| 500 |
|
|
|a Aufsatz
|
| 601 |
|
|
|a Sakrament
|
| 601 |
|
|
|a Auseinandersetzung
|
| 601 |
|
|
|a Instrument
|
| 689 |
0 |
0 |
|d p
|0 (DE-588)124630774
|0 (DE-627)363456538
|0 (DE-576)215817230
|2 gnd
|a Schupp, Franz
|d 1936-2016
|
| 689 |
0 |
|
|5 (DE-627)
|
| 773 |
0 |
8 |
|i In
|t Theologie der Gegenwart
|d Kevelaer : Butzon & Bercker, 1967
|g 37(1994), 1, Seite 2-21
|w (DE-627)130126128
|w (DE-600)506929-4
|w (DE-576)015660621
|x 0342-1457
|7 nnas
|
| 773 |
1 |
8 |
|g volume:37
|g year:1994
|g number:1
|g pages:2-21
|
| 889 |
|
|
|w (DE-627)1864070587
|
| 889 |
|
|
|w (DE-627)394981146
|
| 935 |
|
|
|a mteo
|
| 935 |
|
|
|i mdedup
|
| 951 |
|
|
|a AR
|
| ELC |
|
|
|b 1
|
| ITA |
|
|
|a 1
|
| LOK |
|
|
|0 000 xxxxxcx a22 zn 4500
|
| LOK |
|
|
|0 001 3415779815
|
| LOK |
|
|
|0 003 DE-627
|
| LOK |
|
|
|0 004 1662036728
|
| LOK |
|
|
|0 005 20090303083455
|
| LOK |
|
|
|0 008 070525||||||||||||||||ger|||||||
|
| LOK |
|
|
|0 040
|a DE-21-35
|c DE-627
|d DE-21-35
|
| LOK |
|
|
|0 852
|a DE-21-35
|
| LOK |
|
|
|0 852 1
|c Zk 362-37,1
|m p
|9 00
|
| LOK |
|
|
|0 852 2
|b Magazin
|9 00
|
| LOK |
|
|
|0 935
|a kneu
|
| LOK |
|
|
|0 938
|k p
|
| LOK |
|
|
|0 939
|a 25-05-07
|b l01
|
| LOK |
|
|
|0 000 xxxxxcx a22 zn 4500
|
| LOK |
|
|
|0 001 3415779823
|
| LOK |
|
|
|0 003 DE-627
|
| LOK |
|
|
|0 004 1662036728
|
| LOK |
|
|
|0 005 20160405111316
|
| LOK |
|
|
|0 008 160404||||||||||||||||ger|||||||
|
| LOK |
|
|
|0 040
|a DE-Tue135
|c DE-627
|d DE-Tue135
|
| LOK |
|
|
|0 092
|o n
|
| LOK |
|
|
|0 852
|a DE-Tue135
|
| LOK |
|
|
|0 852 1
|9 00
|
| LOK |
|
|
|0 935
|a ixzs
|a ixmi
|
| LOK |
|
|
|0 939
|a 04-04-16
|b l01
|
| ORI |
|
|
|a SA-MARC-ixtheoa001.raw
|